Sociological thinkers-I (Major4)/ (Record no. 11908)

MARC details
000 -LEADER
fixed length control field 00667nam a22002177a 4500
005 - DATE AND TIME OF LATEST TRANSACTION
control field 20250901121043.0
008 - FIXED-LENGTH DATA ELEMENTS--GENERAL INFORMATION
fixed length control field 240830b |||||||| |||| 00| 0 eng d
020 ## - INTERNATIONAL STANDARD BOOK NUMBER
International Standard Book Number 9789358497779
040 ## - CATALOGING SOURCE
Original cataloging agency IN-DiNC
Transcribing agency IN-DiNC
041 ## - LANGUAGE CODE
Language code of sung or spoken text English
082 ## - DEWEY DECIMAL CLASSIFICATION NUMBER
Classification number 301.092
Item number BOR
100 ## - MAIN ENTRY--PERSONAL NAME
Personal name Bordoloi, Moushumi
Relator term Author
245 ## - TITLE STATEMENT
Title Sociological thinkers-I (Major4)/
Statement of responsibility, etc. by Moushumi Bordoloi, Dilip Kumar Bhuyan and Panchi Pathak
250 ## - EDITION STATEMENT
Edition statement 1st ed.
260 ## - PUBLICATION, DISTRIBUTION, ETC.
Place of publication, distribution, etc. Dibrugarh:
Name of publisher, distributor, etc. Banalata,
Date of publication, distribution, etc. 2024.
300 ## - PHYSICAL DESCRIPTION
Extent 195p.
650 ## - SUBJECT ADDED ENTRY--TOPICAL TERM
Topical term or geographic name entry element August Comte, Karl Marx, Max Weber, Emile Durkheim
700 ## - ADDED ENTRY--PERSONAL NAME
Personal name Bhuyan, Dilip Kumar
Relator term Author
700 ## - ADDED ENTRY--PERSONAL NAME
Personal name Pathak, Panchi
Relator term Author
942 ## - ADDED ENTRY ELEMENTS (KOHA)
Source of classification or shelving scheme Dewey Decimal Classification
Koha item type Books
Holdings
Withdrawn status Lost status Source of classification or shelving scheme Damaged status Not for loan Collection code Home library Current library Shelving location Date acquired Cost, normal purchase price Total Checkouts Total Renewals Full call number Barcode Date last seen Date last checked out Copy number Price effective from Koha item type
    Dewey Decimal Classification     Sociology Central Library, Naharkatiya College Central Library, Naharkatiya College General Stacks 30/08/2024 270.00 2 1 301.092 BOR 30079 06/12/2025 10/11/2025 1 30/08/2024 Books
    Dewey Decimal Classification     Sociology Central Library, Naharkatiya College Central Library, Naharkatiya College General Stacks 30/08/2024 270.00 2   301.092 BOR 30080 13/09/2025 28/08/2025 2 30/08/2024 Books
    Dewey Decimal Classification     Sociology Central Library, Naharkatiya College Central Library, Naharkatiya College General Stacks 30/08/2024 270.00 3   301.092 BOR 30081 24/04/2025 29/11/2024 3 30/08/2024 Books
    Dewey Decimal Classification     Sociology Central Library, Naharkatiya College Central Library, Naharkatiya College General Stacks 01/09/2025 270.00     301.092 BOR 30997 01/09/2025   4 01/09/2025 Books
    Dewey Decimal Classification     Sociology Central Library, Naharkatiya College Central Library, Naharkatiya College General Stacks 01/09/2025 270.00     301.092 BOR 30998 01/09/2025   5 01/09/2025 Books

Naharkatiya College © 2020. All rights reserved.

Powered By